• 首页
  • 本馆介绍
  • 公告通知
  • 最新文献
  • 馆藏检索
  • 电子资源
  • 读者荐购
  • 参考咨询
  • CALIS
  • 我的图书馆
  • 登录
  • 详细信息显示
  • 放入我的书架
  • 预约/预借图书
  • 作者相关作品
  • 分类相关作品
  • 丛书相关作品
  • 出版社相关作品

书目信息

  • 表格格式
  • 工作单格式
  • 卡片格式
题名:
别让甲状腺不开心
    
 
作者: 林毅欣 著
分册:  
出版信息: 海口   海南出版社  2024.03
页数: 156页
开本: 21cm
丛书名: 生生文库
单 册:
中图分类: R581
科图分类:
主题词: 甲状腺疾病--jia zhuang xian ji bing--防治
电子资源:
ISBN: 978-7-5730-1448-1
 
 
 
 
 
000 01150nam 2200277 450
001 94202
005 20250820090107.15
010    @a978-7-5730-1448-1@dCNY52.00
100    @a20240321d2024 em y0chiy50 ea
101 0  @achi
102    @aCN@b460000
105    @aa z 000yy
106    @ar
200 1  @a别让甲状腺不开心@Abie rang jia zhuang xian bu kai xin@f林毅欣著
210    @a海口@c海南出版社@d2024.03
215    @a156页@c图@d21cm
225 2  @a生生文库@Asheng sheng wen ku
306    @a经布兰登文化创意有限公司授权出版
314    @a林毅欣, 学历: 长庚大学医学系、台湾大学临床医学研究所; 现任: 台安医院内分泌及新陈代谢科、主治医生; 专长: 甲状腺、糖尿病等新陈代谢与内分泌相关疾病。
330    @a本书作者林医生用通俗易懂的文字为大家介绍甲状腺, 同时又结合甲状腺疾病患者的治疗案例, 进一步介绍甲状腺与遗传的关系以及治疗方法和日常养护。全书共分四章, 具体内容包括: 甲状腺到底有多重要、甲状腺的位置在哪里、甲状腺有什么功能等。
410  0 @12001 @a生生文库
606 0  @a甲状腺疾病@Ajia zhuang xian ji bing@x防治
690    @aR581@v5
701  0 @a林毅欣@Alin yi xin@4著
801  0 @aCN@c20250909
905    @a河南城建学院图书馆@dR581@eL520@f1
    
    别让甲状腺不开心/林毅欣著.-海口:海南出版社,2024.03
    156页:图;21cm.-(生生文库)
    
    
    ISBN 978-7-5730-1448-1:CNY52.00
    本书作者林医生用通俗易懂的文字为大家介绍甲状腺, 同时又结合甲状腺疾病患者的治疗案例, 进一步介绍甲状腺与遗传的关系以及治疗方法和日常养护。全书共分四章, 具体内容包括: 甲状腺到底有多重要、甲状腺的位置在哪里、甲状腺有什么功能等。
●
相关链接 在E读中查询图书 在当当中查询图书 在豆瓣中查询图书


正题名:别让甲状腺不开心     索取号:R581/L520         预约/预借

序号 登录号 条形码 馆藏地/架位号 状态 备注
1 1628128   216281280   自科库401/ [索取号:R581/L520] 在馆    
河南城建学院图书馆 欢迎您!
大连网信软件有限公司© 版权所有